| 000 | 00427nam a2200133Ia 4500 | ||
|---|---|---|---|
| 008 | 231129s2000||||xx |||||||||||||| ||spa|| | ||
| 020 | _a84-9744-008-0 | ||
| 040 | _bspa | ||
| 082 | _a378.8 E79 | ||
| 245 | 0 | _aEstudios sobre la universidad latinoamericana. De la colonia al siglo XXI. Reformas universitarias | |
| 260 | _c2000 | ||
| 264 | _aTunja Colombia: Rudecolombia | ||
| 942 |
_2ddc _cBKS |
||
| 999 |
_c13675 _d13675 |
||